00474nam a22001577a 450000500170000001000150001702000110003203500140004303700090005708200130006610000180007924500320009726000370012927001300016630000200029620260427115307.0 aENG-148243 c160.00 aEN-131775 bDBAD a158.121 aSai, Vasantha aAnanda Sutra/cVasantha Sai aTamil NadubMukthi Nilayamc2010 aRoyapalayam Village B.O. Tirumangalam S.O. Madurai-Virudhunagar Road, Madurai DtbTamil Nadue625706mmukthinilayam@gmail.com a144p.c21cm(pb)